000 00572nam a2200157 a 4500
001 000027791
005 20200930031111.0
008 110404s1987 dr a 000 0 spa d
040 _aDO-SdBNP
_bspa
_cBNPHU
082 _axxxx
_bD725i
100 1 _aDottin, Milagros
_952108
245 1 0 _aIndicadores sobre mujer y familia rurales en República Dominicana :
_bEncuesta Nacional de Mujeres Rurales 1985 /
_cMilagros Dottin.
260 _aSanto Domingo :
_bCentor de Investigación para la Acción Femenina (CIPAF),
_c1987.
300 _a150 p. :
_bil. ;
_c22 cm.
049 _aBNPD
999 _c27283
_d27283